Wireless sensor networks: Architectures and protocols

Đã lưu trong:
书目详细资料
主要作者: Callaway, Edgar H.
格式: 图书
语言:Undetermined
出版: Boca Raton, FL Auerbach 2004
主题:
标签: 添加标签
没有标签, 成为第一个标记此记录!
Thư viện lưu trữ: Trung tâm Học liệu Trường Đại học Cần Thơ
LEADER 00510nam a2200181Ia 4500
001 CTU_59143
008 210402s9999 xx 000 0 und d
082 |a 004.68 
082 |b C156 
100 |a Callaway, Edgar H. 
245 0 |a Wireless sensor networks: Architectures and protocols 
245 0 |c Edgar H. Callaway 
260 |a Boca Raton, FL 
260 |b Auerbach 
260 |c 2004 
650 |a sensor networks,wireless LAN 
904 |i Minh 
980 |a Trung tâm Học liệu Trường Đại học Cần Thơ